000
00256nam a22000977a 4500
999
_c
11780
_d
11780
008
200215b ||||| |||| 00| 0 eng d
020
_a
9780618800438
100
_a
Moscovich
_9
7464
245
_a
Curious George
260
_a
Boston
_b
Houghton Mifflin Company
_c
2007